Countries Sharing First 3 Letters - Statistics

General Stats
  • This quiz has been taken 1,720 times
    1,175 since last reset
  • The average score is 45 of 53
Answer Stats
Answer % Correct
Australia
99%
Austria
99%
Iran
97%
Dominica
96%
India
96%
Iraq
96%
Bahrain
95%
Niger
95%
Nigeria
95%
Norway
95%
Dominican Republic
94%
Libya
94%
Slovakia
94%
Slovenia
94%
Belgium
93%
China
93%
Guinea
93%
Indonesia
93%
Liberia
93%
Turkey
93%
Cambodia
92%
Greece
92%
Belarus
91%
Chile
88%
Cameroon
87%
Mali
87%
South Korea
87%
United States
87%
Mauritania
86%
Bahamas
85%
Turkmenistan
85%
Guinea-Bissau
84%
Mauritius
84%
United Kingdom
84%
Grenada
81%
South Africa
81%
South Sudan
80%
United Arab Emirates
80%
Burundi
79%
Burma
77%
Malawi
75%
Monaco
75%
Malaysia
74%
North Korea
74%
Mongolia
72%
Maldives
71%
Montenegro
70%
Belize
66%
Burkina Faso
66%
Malta
65%
Saint Kitts and Nevis
58%
Saint Lucia
58%
Saint Vincent and the Grenadines
57%
No matching quizzes found
Score Distribution
Percent of People with Each Score
Percentile by Number Answered
Your Score History
You have not taken this quiz since the last reset